000 00301 a2200145 4500
001 164238
020 _a
040 _cMagnum
100 _a-
240 1 0 _aUm porto e os seus navios
_lpor
245 1 0 _aUm porto e os seus navios
362 0 _a1899
697 _aI/AVENTURA, CRIANCAS
942 _cBK
999 _c164238
_d164238